Statistics for Classical Musicians by Composition

Click here to take the quiz!

General Stats

  • This quiz has been taken 2,687 times
    (1,890 since last reset)
  • The average score is 11 of 18

Answer Stats

HintAnswer% Correct
Für EliseLudwig van Beethoven
98%
The NutcrackerPyotr Ilyich Tchaikovsky
83%
Don GiovanniWolfgang Amadeus Mozart
80%
The Ride Of The ValkyriesRichard Wagner
79%
Brandenburg ConcertoJohann Sebastian Bach
75%
Canon in D MajorJohann Pachelbel
73%
The Blue DanubeJohann Strauss II
73%
BoleroMaurice Ravel
72%
The PlanetsGustav Holst
72%
In the Hall of the Mountain KingEdvard Hagerup Grieg
69%
Water MusicGeorge Frideric Handel's
60%
The FirebirdIgor Stravinsky
59%
Trois GymnopédiesErik Satie
55%
Can-canJacques Offenbach
46%
OthelloGiuseppe Verdi
36%
The Bartered BrideBedrich Smetana
24%
Aranjuez ConcertJoaquín Rodrigo
23%
Ruslan And LudmilaMikhail Glinka
18%

Score Distribution

Percentile by Number Answered

Percent of People with Each Score

Your Score History

You have not taken this quiz since the last reset